000 00636nam a22002297a 4500
003 UA-OsUOA
001 126241
007 ta
008 20171012b un ||||| |||| 00| 0 ukr d
090 _a929:94(477)
_bС81
942 _cBK
040 _aUA-OsUOA
_bukr
_cUA-OsUOA
_dUA-OsUOA
245 _a100 найвідоміших українців
_cпід заг. ред. Ю. Павленка
300 _a640 с.
955 _a1
041 _aukr
080 _a929:94(477)
020 _a966-8349-01-6
260 _aК.
_bОрфей
_c2005
650 7 _a9 Географія. Біографії. Історія
_2UDC
999 _c413511
_d413511